000 00397 a2200157 4500
001 72711
020 _a
040 _cAnchieta - Colégio São Paulo
100 _aBertoldi, Andressa de Souza
240 1 0 _aO Menino Maluquinho em rumo ao pódio
_lpor
245 1 0 _aO Menino Maluquinho em rumo ao pódio
300 _a36
362 0 _a2004
650 4 _aLiteratura infanto-juvenil
942 _cBK
999 _c72711
_d72711